| 000 | 00445nam a2200181Ia 4500 | ||
|---|---|---|---|
| 001 | 8863 | ||
| 005 | 20260306160641.0 | ||
| 008 | 260306t2007||||xx |||||||||||||| ||spa|| | ||
| 041 | _aESP | ||
| 082 |
_a371.68 _bN89 2007 |
||
| 100 |
_aCabero Almenara, Julio _eAUT |
||
| 245 | 0 | _aNuevas tecnologías aplicadas a la educación | |
| 260 | _c2007 | ||
| 300 |
_a349 páginas : _ccm. |
||
| 650 | _aGEN | ||
| 654 | _aCED | ||
| 942 |
_cLIB _dJUS _fJUS _2ddc _n |
||
| 999 |
_c8863 _d8863 |
||